U.S States With The Most & Least Gas Stations - Statistics

General Stats
  • This quiz has been taken 391 times
  • The average score is 17 of 20
Answer Stats
# Answer % Correct
11,019 California
99%
16,017 Texas
99%
10,921 Florida
96%
441 Alaska
94%
526 Hawaii
90%
500 Rhode Island
88%
695 Vermont
88%
641 Wyoming
88%
9,507 Georgia
87%
6,842 Ohio
87%
8,344 North Carolina
86%
999 North Dakota
86%
1,118 Montana
85%
1,015 New Hampshire
85%
418 Delaware
81%
5,365 Virginia
80%
6,665 Michigan
79%
1,132 Nevada
78%
6,035 Tennessee
77%
5,393 Alabama
67%
No matching quizzes found
Score Distribution
Percent of People with Each Score
Percentile by Number Answered
Your Score History
You have not taken this quiz